All Country Flags with an Animal in Them - Statistics

General Stats
  • This quiz has been taken 45 times
  • The average score is 20 of 22
Answer Stats
Picture Answer % Correct
Albania
97%
Bhutan
97%
Croatia
97%
Egypt
97%
Andorra
95%
Kazakhstan
95%
Mexico
95%
Spain
95%
Ecuador
92%
Fiji
92%
Papua New Guinea
92%
Serbia
89%
Sri Lanka
89%
Uganda
89%
Moldova
87%
Montenegro
87%
Zambia
87%
Guatemala
84%
Peru
84%
Dominica
79%
Kiribati
79%
Zimbabwe
76%
No matching quizzes found
Score Distribution
Percent of People with Each Score
Percentile by Number Answered
Your Score History
You have not taken this quiz